000 01424nam a22004217a 4500
001 1399
005 20230823152020.0
008 230823b cb ||||| |||| 00| 0 eng d
020 _a9780439634250
020 _a9780545104623
020 _a0439634253
040 _aDLC
_cDLC
_dDLC
_beng
050 0 0 _aPZ7.M97274
_bZen 2008
082 0 0 _a[E]
_222
100 1 _aMuth, Jon J.
245 1 0 _aZen ties /
_cby Jon J Muth.
250 _aFirst Scholastic paperback printing, September 2008
260 _aNew York :
_bScholastic Press,
_c2008.
300 _a36 unnumbered pages :
_bcolor illustrations ;
_c25 cm.
505 _aH
520 _aWhen Stillwater the panda encourages Koo, Addy, Michael, and Karl to help a grouchy neighbor, their efforts are rewarded in unexpected ways.
521 _a460
_bLexile
521 _aH
_bRaz-Plus
650 0 _aNeighbors
_vJuvenile fiction.
650 0 _aBrothers and sisters
_vJuvenile fiction.
650 0 _aGiant panda
_vJuvenile fiction.
650 0 _aPandas
_vJuvenile fiction.
650 1 _aHelpfulness
_vFiction.
650 1 _aNeighbors
_vFiction.
650 1 _aSiblings
_vFiction
650 1 _aGiant pandas
_vFiction.
650 1 _aBears
_vFiction.
650 1 _aPandas
_vFiction.
655 0 _aPicture books for children.
655 7 _aChildren's stories
_vPictorial works.
_2gsafd
906 _a7
_bcbc
_corignew
_d1
_eecip
_f20
_gy-gencatlg
942 _2ddc
_cBK
_n0
999 _c1399
_d1399